000 00734cab a2200253 4500
001 WB3107-06
008 090401t1995 xxu||||| |||| 00| 0 eng d
035 _a(Sirsi) u3162
041 _aeng
245 _aGerman building costs soar
260 _c1995
350 _a0
490 _aEuropean
_v16 February 1995, 24(1)
520 _aHigher wages cause building costs in Germany to be substantially higher than in other European states, according to Gardiner & Theobald.
650 _aBUILT ENVIRONMENT-BUILDING COSTS
650 _aCOMPARISON
650 _aEUROPE
650 _aGERMANY
650 _aWAGES
690 _aBUILT ENVIRONMENT-BUILDING COSTS
690 _aOVERSEAS-EUROPE
942 _n0
948 _c04/03/1997
999 _c1924
_d1924